LEADER 00809nam0-22003011i-450- 001 990000784330403321 005 20151215081239.0 035 $a000078433 035 $aFED01000078433 035 $a(Aleph)000078433FED01 035 $a000078433 100 $a20020821d1985----km-y0itay50------ba 101 0 $aita 102 $aIT 105 $aa---c---001yy 200 1 $aStoria dell'arredamento$fRenato De Fusco 210 $aTorino$cUtet libreria$d1985 215 $a577 p.$cill.$d30 cm 676 $a747 700 1$aDe Fusco,$bRenato$f<1929- >$02251 801 0$aIT$bUNINA$gRICA$2UNIMARC 901 $aBK 912 $a990000784330403321 952 $aARR C 119$b3245/426$fFARBC 952 $aARR C 184$b474/2015$fFARBC 959 $aFARBC 996 $aStoria dell'arredamento$9350749 997 $aUNINA LEADER 01290nam a2200349 i 4500 001 991001335379707536 005 20020507191601.0 008 931215s1979 us ||| | eng 020 $a0691082286 035 $ab10833195-39ule_inst 035 $aLE01310684$9ExL 040 $aDip.to Matematica$beng 082 0 $a515 084 $aAMS 46-06 084 $aAMS 46-XX 084 $aAMS 46F 084 $aQA300.5.G84 100 1 $aKashiwara, Masaki$047448 245 10$aSeminar on micro-local analysis[ :$bheld at Inst. for Advanced Study during the academic year 1977-78] /$cVictor W. Guillemin, Masaki Kashiwara, Takahiro Kawai 260 $aTokio :$bTokio Univ. Press ; Princeton, N. J. : Princeton Univ. Press,$c1979 300 $avii, 137 p. ;$c24 cm. 490 0 $aAnnals of mathematics studies ;$v93 650 0$aDistributions 650 0$aFunctional analysis$xCongresses 700 1 $aKawai, Takahiro 700 1 $aGuillemin, Victor 907 $a.b10833195$b23-02-17$c28-06-02 912 $a991001335379707536 945 $aLE013 46-XX GUI11 (1979)$g1$i2013000130323$lle013$o-$pE0.00$q-$rl$s- $t0$u0$v0$w0$x0$y.i10942300$z28-06-02 996 $aSeminar on micro-local analysis$9923508 997 $aUNISALENTO 998 $ale013$b01-01-93$cm$da $e-$feng$gus $h0$i1